Logo BPK

Biblioteka

Politechniki Koszalińskiej

Odpady przemysłowe i komunalne = (Rekord nr 31289)

Szczegóły MARC
000 -ETYKIETA REKORDU
podpole kontrolne o stałej długości 01447nam a2200313 i 4500
001 - NUMER KONTROLNY REKORDU
pole kontrolne bg
020 ## - MIĘDZYNARODOWY ZNORMALIZOWANY NUMER KSIĄŻKI - ISBN
ISBN 8390448718
040 ## - ŹRÓDŁO KATALOGOWANIA
Instytucja, która utworzyła rekord BPK
041 0# - KOD JĘZYKA
Kod języka tekstu pl
080 ## - UNIWERSALNA KLASYFIKACJA DZIESIĘTNA - UKD
UKD 628.4+628.5(438)
920 ## - Międzynarodowy znormalizowany numer książki – ISBN
ISBN 83-904487-1-8
008 - POLE O STAŁEJ DŁUGOŚCI - DANE KONTROLNE
podpole kontrolne o stałej długości s pl f |000 0 pol
245 00 - TYTUŁ/ODPOWIEDZIALNOŚĆ
Tytuł Odpady przemysłowe i komunalne =
Ciąg dalszy tytułu (Industrial and municipal wastes) : praca zbiorowa /
Pozostałe elementy strefy tytułu i oznaczenia odpowiedzialności pod kier. Zdzisława Małeckiego ; oprac. J[anusz] Faber [et al.] ; Komitet Inżynierii Środowiska Polskiej Akademii Nauk.
246 11 - WARIANT TYTUŁU
Tytuł Industrial and municipal wastes
260 ## - STREFA ADRESU WYDAWNICZEGO
Miejsce wydania [Kraków] :
Nazwa wydawcy/dystrybutora Biuro Usług Geotechnicznych i Kartograficznych "Terra",
Data publikacji, dystrybucji/powstania dokumentu 1995.
300 ## - STREFA OPISU FIZYCZNEGO
Objętość 219 s., [1] k. tabl. złoż. :
Inne cechy fizyczne fot. (gł. kolor.), 2 mapy, 1 pl., rys. ;
Rozmiary 24 cm.
490 1# - STREFA SERII I DOKUMENTU WIELOCZĘŚCIOWEGO - FORMA NIE DO WYSZUKIWANIA
Tytuł i oznaczenie odpowiedzialności serii Problemy Sozologiczne Aglomeracji Miejsko-Przemysłowych =
-- The Ecological Problems of the City-Industrial Agglomeration ;
Numeracja w obrębie serii biul. 1/1995
500 ## - UWAGI OGÓLNE
Tekst uwagi Wyd. z okazji jubileuszu 45-lecia pracy zawodowej na rzecz ochrony środowiska prof. dr hab. inż. Zdzisława Małeckiego.
504 ## - UWAGA DOTYCZĄCA BIBLIOGRAFII
Informacje o bibliografii Bibliogr. s. 206-207.
600 19 - HASŁO PRZEDMIOTOWE W FORMIE NAZWY OSOBOWEJ
Nazwa osobowa Małecki Zdzisław
650 #9 - HASŁO PRZEDMIOTOWE W FORMIE NAZWY OGÓLNEJ LUB JEDNOSTKOWEJ
Nazwa ogólna lub geograficzna Miasta
Określnik ogólny higiena
Określnik geograficzny Polska
650 #9 - HASŁO PRZEDMIOTOWE W FORMIE NAZWY OGÓLNEJ LUB JEDNOSTKOWEJ
Nazwa ogólna lub geograficzna Odpady
Określnik ogólny przemysł
-- gospodarka
Określnik geograficzny Polska
650 #9 - HASŁO PRZEDMIOTOWE W FORMIE NAZWY OGÓLNEJ LUB JEDNOSTKOWEJ
Nazwa ogólna lub geograficzna Śmieci
Określnik ogólny gospodarka
Określnik geograficzny Polska
651 #9 - HASŁO PRZEDMIOTOWE W FORMIE NAZWY GEOGRAFICZNEJ
Nazwa geograficzna Kraków (okręg)
Określnik ogólny higiena
700 1# - HASŁO DODATKOWE - NAZWA OSOBOWA
Nazwa osobowa MAŁECKI, Zdzisław.
Określenie związku między hasłem a opisywanym materiałem Red.
700 1# - HASŁO DODATKOWE - NAZWA OSOBOWA
Nazwa osobowa FABER, Janusz.
830 #0 - HASŁO DODATKOWE SERII LUB DOKUMENTU WIELOCZĘŚCIOWEGO - TYTUŁ UJEDNOLICONY
Tytuł ujednolicony Problemy Sozologiczne Aglomeracji Miejsko-Przemysłowych ;
Oznaczenie tomu biul. 1/1995
856 ## - LOKALIZACJA I DOSTĘP DO ELEKTRONICZNYCH DOKUMENTÓW ZDALNYCH
Link (URL) http://koha.tu.koszalin.pl/cgi-bin/koha/opac-detail.pl?biblionumber=31289
Tekst linku Katalog online BPK
942 ## - DODATKOWE ELEMENTY (KOHA)
Typ dokumentu Książka
Egzemplarze
Wycofany Status egzemplarza Uszkodzony Dostępność Lokalizacja stała Lokalizacja bieżąca Miejsce przechowywania Sygnatura Kod kreskowy Ostatnio wypożyczono Typ dokumentu
      Dostępny Biblioteka Politechniki Koszalińskiej Biblioteka Politechniki Koszalińskiej Wypożyczalnia BG 38502 01208665 27.04.2016 Książka
© 2023 Biblioteka Politechniki Koszalińskiej :: KOHA